000 00458nam a2200169Ia 4500
008 241115s9999 xx 000 0 und d
020 _a978-0-521-89797-6
082 _a174.962 WHI
100 _aWhitbeck, Caroline
245 0 _aEthics in Engineering Practice and Research
250 _a2nd
260 _aAmerica:
_bCambridge University press
_c2011
300 _a414p.
600 _aHumanities & Natural Science
650 _aPsychology
942 _cBBD
999 _c27067
_d27067